Queen Elizabeth II quiz - Statistics

General Stats
  • This quiz has been taken 928 times
  • The average score is 17 of 29
Answer Stats
Hint Answer % Correct
Names of her children Charles
96%
The queen's husband Prince Philip
94%
Anne
93%
The year the queen was coronated 1953
90%
Andrew
90%
The queen's royal house Windsor
90%
The queen's London residence Buckingham Palace
89%
Name of the queen's sister Margaret
89%
Edward
87%
The year they got married 1947
85%
Breed of dog the queen favours Pembroke Welsh Corgi
80%
The place where she got both married and coronated Westminster Abbey
80%
The year she was born 1926
78%
The queen is the head of this organisation of 53 nations Commonwealth of Nations
77%
The queen is the only Briton who does not legally need to have these two documents Passport
72%
The year she declared was an "Annus horribilis" 1992
60%
Where the queen stays at Christmas Sandringham House
57%
The number of prime minsters she has sworn in 12
51%
Driving licence
46%
The number of thrones the queen has 9
43%
The queen's real birthday 21st of April
40%
The queen sends one of these to people who reach 100 years old, or couples on their diamond wedding anniversaries Telegram
32%
The first country to ever depict the queen in their money (Hint: not necessarily as queen) Canada
30%
In 1986 she became the first British monarch to visit this country China
28%
Name of the first dog she owned Susan
19%
Where the queen was born 17 Bruton Street, Mayfair
13%
She is also the head of state for these 16 countries Commonwealth Realms
6%
The queen is "Seigneur of the..." Swans
6%
The queen hid in a bush to avoid talking to this guest at her palace Ceaușescu
3%
No matching quizzes found
Score Distribution
Percent of People with Each Score
Percentile by Number Answered
Your Score History
You have not taken this quiz